Online
Catalog

M. J. Troncoso de la Concha : (Record no. 48561)

MARC details
000 -CABECERA
campo de control de longitud fija 00837nam a2200289 a 4500
001 - NÚMERO DE CONTROL
campo de control 000049073
003 - IDENTIFICADOR DEL NÚMERO DE CONTROL
campo de control DO-SdBNP
005 - FECHA Y HORA DE LA ÚLTIMA TRANSACCIÓN
campo de control 20250128101428.0
007 - CAMPO FIJO DE DESCRIPCIÓN FÍSICA--INFORMACIÓN GENERAL
campo de control de longitud fija ta
008 - DATOS DE LONGITUD FIJA--INFORMACIÓN GENERAL
campo de control de longitud fija 190717s1960 dr r 000 0 spa d
040 ## - FUENTE DE LA CATALOGACIÓN
Centro catalogador/agencia de origen DO-SdBNP
Lengua de catalogación spa
Centro/agencia transcriptor BNPHU
Normas de descripción rda
041 ## - CÓDIGO DE LENGUA
Código de lengua original spa
082 ## - NÚMERO DE LA CLASIFICACIÓN DECIMAL DEWEY
Número de clasificación xxxx
Número de documento/Ítem J61M
Número de edición 22
100 1# - ENTRADA PRINCIPAL--NOMBRE DE PERSONA
Nombre de persona Jiménez, R. Emilio
Término indicativo de función/relación autor
9 (RLIN) 23963
245 10 - MENCIÓN DE TÍTULO
Título M. J. Troncoso de la Concha :
Resto del título antología /
Mención de responsabilidad, etc. R. Emilio Jiménez.
250 ## - MENCIÓN DE EDICIÓN
Mención de edición 5a edición
264 ## - PRODUCCIÓN, PUBLICACIÓN, DISTRIBUCIÓN, FABRICACIÓN Y COPYRIGHT
Producción, publicación, distribución, fabricación y copyright Santo Domingo :
Nombre del de productor, editor, distribuidor, fabricante Libreria Dominicana,
Fecha de producción, publicación, distribución, fabricación o copyright 1960.
300 ## - DESCRIPCIÓN FÍSICA
Extensión 182 páginas ;
Dimensiones 18 cm.
336 ## - TIPO DE CONTENIDO
Término de tipo de contenido rdaconten
Código de tipo de contenido texto
Fuente txt
337 ## - TIPO DE MEDIO
Nombre/término del tipo de medio rdamedia
Código del tipo de medio sin mediación
Fuente n
338 ## - TIPO DE SOPORTE
Nombre/término del tipo de soporte rdacarrier
Código del tipo de soporte volumen
Fuente nc
490 1# - MENCIÓN DE SERIE
Mención de serie Pensamiento dominicano
590 ## - NOTA LOCAL (RLIN)
Nota local Inventariado, 2019/BT
830 #0 - PUNTO DE ACCESO ADICIONAL DE SERIE-TÍTULO UNIFORME
Título uniforme Pensamiento dominicano
9 (RLIN) 19047
910 ## - DATOS DE OPCIÓN DEL USUARIO (OCLC)
Datos de opción del usuario BT
942 ## - ELEMENTOS DE PUNTO DE ACCESO ADICIONAL (KOHA)
Fuente del sistema de clasificación o colocación Dewey Decimal Classification
Tipo de ítem Koha Libro
Holdings
Estado de retiro Estado de pérdida No para préstamo Código de colección Localización permanente Ubicación/localización actual Ubicación en estantería Fecha de adquisición Número de inventario Total de préstamos Signatura topográfica completa Código de barras Fecha visto por última vez Precio válido a partir de Tipo de ítem Koha Nota pública Fuente del sistema de clasificación o colocación Restricciones de uso Fuente de adquisición Número de copia
      Patrimonio Dominicano Biblioteca Nacional Pedro Henríquez Ureña Biblioteca Nacional Pedro Henríquez Ureña En catalogación 28.01.2025     BNPHU PD J61M 2025-0543 28.01.2025 28.01.2025 Libro Pertenecio a la biblioteca de René Rodríguez Soriano Dewey Decimal Classification Excluido de préstamo Donado por la Presidencia de la República Dominicana 2023 e.2
    Excluido de préstamo Patrimonio Dominicano Patrimonio Dominicano Patrimonio Dominicano Depósito 17.07.2019 LF1   xxxx J61M 49074-10 25.06.2020 25.06.2020 Libro y Folleto Colección Patrimonio Dominicano Perteneció a la biblioteca personal de la familia Reyes Duluc.        

Powered by Koha